000 00664nam a2200241 a 4500
001 nice12345678
003 IN_TiNIC
005 20260116014720.0
008 131111s2010 lona grp 000 0 eng
020 _a9780195686791
_c325
082 0 0 _a891.44
_bTAG2
100 _aTagore, Rabindranath
245 _aRabindranath Tagore
_b Selected Writings for Children
260 _aLondan
_bOxford University Press
_c2010
300 _a261p
500 _aincludes index and biblioraphy
505 2 _aList of Illustrations
650 _aRabindranath Tagore - Writings
700 1 _aTagore, Rabindranath
902 _bSRS
942 _cBK
999 _c16607
_d16607